Disney - Charakter mit "H" - Statistiken

Allgemein
  • Dieses Quiz wurde 46 mal gespielt
  • Das Durchschnittsergebnis liegt bei 7 aus 24
Antwortstatistiken
Film/ Serie Disneyfigur % Korrekt
Die Eiskönigin Hans
89%
Herkules Herkules
83%
Alice im Wunderland Hutmacher
67%
Herkules Hades
56%
Herkules Hera
36%
Alice im Wunderland Herzkönigin
36%
Vaiana Hei Hei
33%
Star Wars Han Solo
31%
Schneewittchen Happy
31%
Ein toller Käfer Herbie
28%
Miraculous - Ladybug Hawk Moth
25%
Baymax Hiro Hamada
25%
Schneewittchen Hatschi
22%
Coco Hector
19%
Fluch der Karibik Hector Barbossa
19%
Baymax Honey Lemon
11%
..., die Ente Howard
11%
Die Eiskönigin Herzog von Pitzbühl
8%
Zoomania Herzog von Pitzbühl
8%
Das große Krabbeln Hopper
8%
A World Beyond Hugo Gernsback
6%
Entenhausen Helferlein
3%
Entenhausen Hugo Habicht
0%
Avengers - Gemeinsam unbesiegbar Hyperion
0%
Keine übereinstimmenden Quizze gefunden
Verteilung der Resultate
Anzahl Personen mit jedem Resultat
Perzentil nach korrekt beantworteten Fragen
Ihre Resultats-Entwicklung
Sie haben dieses Quiz noch nicht gespielt